Normal view
MARC view
- MALEEVE, V. L
Entry Personal Name
001 - CONTROL NUMBER
- control field: 77574
003 - CONTROL NUMBER IDENTIFIER
- control field: NUST
005 - DATE AND TIME OF LATEST TRANSACTION
- control field: 20210628205936.0
008 - FIXED-LENGTH DATA ELEMENTS
- fixed length control field: 210628|| aca||aabn | a|a d
040 ## - CATALOGING SOURCE
- Original cataloging agency: NUST
- Transcribing agency: NUST
100 ## - HEADING--PERSONAL NAME
- Personal name: MALEEVE, V. L
670 ## - SOURCE DATA FOUND
- Source citation: Work cat.: (NUST): MALEEVE, V. L, DIESEL ENGINE OPERATION AND MAINTENANCE, 1954
